000 04063nab a2200301 i 4500
003 BR-BrBNA
005 20241213133717.0
008 241213b2015 bl.|r|pooa||| 00| 0 eng |
040 _aBR-BrBNA
_beng
072 _aL73
_b4110
100 _aSalgado, M.
100 _aAleuy, O.A.
100 _aSevilla, I.A.
100 _aTroncoso, E.
245 _aDetection of Mycobacterium avium subsp. paratuberculosis in a cattle/pudu interface
500 _aPublicação online; 23 ref.; Summaries (En, Pt)
520 _a ABSTRACT - Mycobacterium avium subsp. paratuberculosis (Map) is the etiological agent of paratuberculosis. In Chile, information about Map isolation from both domestic ruminant and wildlife species has been accumulating, but it has to be extended to other species. The present study focuses specifically on one wild grazing species, the pudu (Pudu puda), one of the less known South American deer considered an endangered species that shares pastures with cattle in southern Chile, where the greatest part of the country’s dairy cattle population is located. Convenient samples from 3 pudus were collected from one dairy farm where Map infection had previously been confirmed in cattle. All three pudus shed the bacterium in feces and the isolates are the same type of Map as described for cattle. This study represents the first case report of Map isolation in the pudu captured from the wild. It is also the first documented association between a Map-infected dairy herd and free-ranging wildlife species, such as pudu in the Los Ríos region, Chile. Since interspecies transmission of Map and other pathogens from livestock to pudu has already been demonstrated, the results from this study suggest that this free-ranging wildlife specie, inhabiting a dairy district in southern Chile, might represent another case of spillover host. Keywords: paratuberculosis, Map, wildlife, infection, spillover
520 _a RESUMO - O agente etiológico da paratuberculose é o Mycobacterium avium subsp. paratuberculosis (Map). No Chile, já foi gerada informação do isolamento do Map em ruminantes domésticos e em algumas espécies selvagens, porém essa informação deve ser expandida a outras espécies. O presente estudo está focado na espécie selvagem herbívora, o Pudu (Pudu puda), que é considerado um dos cervos menos conhecidos da América do Sul, e que está em extinção. Essa espécie compartilha as pastagens com o gado no sul do Chile, local do país onde está concentrada a maior parte do rebanho leiteiro. Foram obtidas amostras de 3 pudus de uma fazenda de gado leiteiro, onde previamente havia sido confirmada a infecção por Map em bovinos. Os três pudus eliminavam a bactéria nas fezes, e os isolados fecais foram do mesmo tipo do Map relatado para os bovinos. Este estudo representa o primeiro relato de caso de isolamento do Map em pudu em vida silvestre. Também é a primeira associação documentada entre um rebanho leiteiro infectado com Map e a infecção de uma espécie silvestre de vida livre, tal como o pudu na região de Los Ríos, no Chile. A transmissão interespécies do Map, do mesmo modo que de outros patógenos de ruminantes para o pudu, já foi demonstrada, assim os resultados deste estudo sugerem que essa espécie de vida extensiva, que habita a mesma região leiteira no sul do Chile, pode representar mais um caso de repercussão ao hospedeiro. Palavras-chave: paratuberculose, Map, animais selvagens, infecção, repercussão
650 _aANIMAL SELVAGEM
650 _aDOENÇA ANIMAL
650 _aPARATUBERCULOSE
650 _aINFECÇÃO
650 _aBACTÉRIA
773 0 _01643
_9315896
_dBelo Horizonte-MG Universidade Federal de Minas Gerais - Escola de Veterinaria 1983
_o2024-2261
_tArquivo Brasileiro de Medicina Veterinária e Zootecnia (Brazil)
_x0102-0935
_gv. 67(5) p. 1205-1209; 2015
_wBR2024003986
856 _uhttps://www.scielo.br/j/abmvz/a/tNp6fkPbkwZbHjnQ3g7zxHq/?format=pdf&lang=en
942 _cANA
999 _c329233
_d329233